<?xml version="1.0" encoding="UTF-8"?>
<record
    xmlns:xsi="http://www.w3.org/2001/XMLSchema-instance"
    xsi:schemaLocation="http://www.loc.gov/MARC21/slim http://www.loc.gov/standards/marcxml/schema/MARC21slim.xsd"
    xmlns="http://www.loc.gov/MARC21/slim">

  <leader>01146nam a22002177a 4500</leader>
  <datafield tag="999" ind1=" " ind2=" ">
    <subfield code="c">62937</subfield>
    <subfield code="d">62937</subfield>
  </datafield>
  <controlfield tag="003">Ge_BSU</controlfield>
  <controlfield tag="005">20250328141051.0</controlfield>
  <controlfield tag="008">250326s2010    ge ||||| |||| 00| 0 geo d</controlfield>
  <datafield tag="020" ind1=" " ind2=" ">
    <subfield code="a">9789941421143</subfield>
  </datafield>
  <datafield tag="041" ind1=" " ind2=" ">
    <subfield code="a">geo</subfield>
  </datafield>
  <datafield tag="080" ind1=" " ind2=" ">
    <subfield code="a">81'374.822=353.32=353.1 &#x10E5;-60</subfield>
  </datafield>
  <datafield tag="100" ind1=" " ind2=" ">
    <subfield code="a">&#x10E5;&#x10DD;&#x10D1;&#x10D0;&#x10DA;&#x10D8;&#x10D0;, &#x10D0;&#x10DA;&#x10D8;&#x10DD;</subfield>
    <subfield code="9">24682</subfield>
  </datafield>
  <datafield tag="245" ind1=" " ind2=" ">
    <subfield code="a">&#x10DB;&#x10D4;&#x10D2;&#x10E0;&#x10E3;&#x10DA;&#x10D8; &#x10DA;&#x10D4;&#x10E5;&#x10E1;&#x10D8;&#x10D9;&#x10DD;&#x10DC;&#x10D8; :</subfield>
    <subfield code="b">[&#x10D3;&#x10D0;&#x10D0;&#x10EE;&#x10DA;. 90 000 &#x10DA;&#x10D4;&#x10E5;&#x10E1;&#x10D8;&#x10D9;&#x10E3;&#x10E0;&#x10D8; &#x10D4;&#x10E0;&#x10D7;&#x10D4;&#x10E3;&#x10DA;&#x10D8;] /</subfield>
    <subfield code="c">&#x10D0;&#x10DA;&#x10D8;&#x10DD; &#x10E5;&#x10DD;&#x10D1;&#x10D0;&#x10DA;&#x10D8;&#x10D0;; &#x10E0;&#x10D4;&#x10D3;.: &#x10DB;&#x10D4;&#x10E0;&#x10D0;&#x10D1; &#x10E9;&#x10E3;&#x10EE;&#x10E3;&#x10D0;, &#x10DC;&#x10DD;&#x10DC;&#x10D0; &#x10E5;&#x10DD;&#x10D1;&#x10D0;&#x10DA;&#x10D8;&#x10D0;, &#x10DC;&#x10D0;&#x10DC;&#x10D0; &#x10E5;&#x10DD;&#x10D1;&#x10D0;&#x10DA;&#x10D8;&#x10D0;.</subfield>
  </datafield>
  <datafield tag="264" ind1=" " ind2=" ">
    <subfield code="a">&#x10D7;&#x10D1;. : </subfield>
    <subfield code="b">&#x10D0;&#x10E0;&#x10E2;&#x10D0;&#x10DC;&#x10E3;&#x10EF;&#x10D8;, </subfield>
    <subfield code="c">2010.</subfield>
  </datafield>
  <datafield tag="300" ind1=" " ind2=" ">
    <subfield code="a">748 &#x10D2;&#x10D5;. ; </subfield>
    <subfield code="b">30 &#x10E1;&#x10DB;.</subfield>
  </datafield>
  <datafield tag="490" ind1=" " ind2=" ">
    <subfield code="a">&#x10D9;&#x10DD;&#x10DA;&#x10EE;&#x10E3;&#x10E0;&#x10D8; &#x10E1;&#x10D4;&#x10E0;&#x10D8;&#x10D0;, 1512-3855 / </subfield>
    <subfield code="v">&#x10E1;&#x10D4;&#x10E0;&#x10D8;&#x10D8;&#x10E1; &#x10DB;&#x10D7;. &#x10E0;&#x10D4;&#x10D3;. &#x10D1;&#x10E3;&#x10D1;&#x10D0; &#x10D9;&#x10E3;&#x10D3;&#x10D0;&#x10D5;&#x10D0; ; 7</subfield>
  </datafield>
  <datafield tag="700" ind1=" " ind2=" ">
    <subfield code="a">&#x10E9;&#x10E3;&#x10EE;&#x10E3;&#x10D0;, &#x10DB;&#x10D4;&#x10E0;&#x10D0;&#x10D1;</subfield>
    <subfield code="e">&#x10E0;&#x10D4;&#x10D3;&#x10D0;&#x10E5;&#x10E2;&#x10DD;&#x10E0;&#x10D8;</subfield>
    <subfield code="9">16915</subfield>
  </datafield>
  <datafield tag="700" ind1=" " ind2=" ">
    <subfield code="a">&#x10E5;&#x10DD;&#x10D1;&#x10D0;&#x10DA;&#x10D8;&#x10D0;, &#x10DC;&#x10DD;&#x10DC;&#x10D0;</subfield>
    <subfield code="e">&#x10E0;&#x10D4;&#x10D3;&#x10D0;&#x10E5;&#x10E2;&#x10DD;&#x10E0;&#x10D8;</subfield>
    <subfield code="9">24683</subfield>
  </datafield>
  <datafield tag="700" ind1=" " ind2=" ">
    <subfield code="a">&#x10E5;&#x10DD;&#x10D1;&#x10D0;&#x10DA;&#x10D8;&#x10D0;, &#x10DC;&#x10D0;&#x10DC;&#x10D0;</subfield>
    <subfield code="e">&#x10E0;&#x10D4;&#x10D3;&#x10D0;&#x10E5;&#x10E2;&#x10DD;&#x10E0;&#x10D8;</subfield>
    <subfield code="9">24684</subfield>
  </datafield>
  <datafield tag="942" ind1=" " ind2=" ">
    <subfield code="2">udc</subfield>
    <subfield code="c">BK</subfield>
  </datafield>
  <datafield tag="952" ind1=" " ind2=" ">
    <subfield code="0">0</subfield>
    <subfield code="1">0</subfield>
    <subfield code="2">udc</subfield>
    <subfield code="4">0</subfield>
    <subfield code="6">81374822353323531_&#x10E5;60</subfield>
    <subfield code="7">0</subfield>
    <subfield code="9">102426</subfield>
    <subfield code="a">CPL</subfield>
    <subfield code="b">CPL</subfield>
    <subfield code="c">GEN</subfield>
    <subfield code="d">2025-03-26</subfield>
    <subfield code="g">20.00</subfield>
    <subfield code="o">81'374.822=353.32=353.1 &#x10E5;-60</subfield>
    <subfield code="p">70947</subfield>
    <subfield code="r">2025-03-26</subfield>
    <subfield code="t">70947</subfield>
    <subfield code="u">&#x10DC;&#x10D0;&#x10E9;&#x10E3;&#x10E5;&#x10D0;&#x10E0;&#x10D8;</subfield>
    <subfield code="w">2025-03-26</subfield>
    <subfield code="y">BK</subfield>
    <subfield code="z">20 &#x10DA;.</subfield>
  </datafield>
</record>
